| 000 | 01077nam a2200253 a 4500 | ||
|---|---|---|---|
| 001 | 1591551 | ||
| 005 | 20251028145031.0 | ||
| 008 | 931202s1993 dcua b 000 0 eng | ||
| 020 | _a1558100830 | ||
| 020 | _a9781558100831 | ||
| 050 | 0 | 0 |
_aRT50.5 _b.Z55 1993 |
| 082 | 0 | 0 |
_a610.73/0285 _220 |
| 100 | 1 | _aZielstorff, Rita D. | |
| 245 | 1 | 0 |
_aNext-generation nursing information systems : _bessential characteristics for professional practice / _cRita D. Zielstorff, Carole I. Hudgings, Susan J. Grobe and the National Commission on Nursing Implementation Project (NCNIP) Task Force on Nursing Information Systems. |
| 260 |
_aWashington, DC : _bAmerican Nursing Pub., _cc1993. |
||
| 300 |
_aviii, 59 p. : _bill. ; _c28 cm. |
||
| 500 | _a"NP-83 5M 5/93"--T.p. verso. | ||
| 650 | 0 |
_aInformation storage and retrieval systems _xNursing. |
|
| 650 | 0 |
_aNursing _xData processing. |
|
| 700 | 1 | _aHudgings, Carole I. | |
| 700 | 1 | _aGrobe, Susan J. | |
| 710 | 2 |
_aNational Commission on Nursing Implementation Project. _bTask Force on Nursing Information Systems. |
|
| 942 |
_2lcc _cBK _n0 |
||
| 999 |
_c7858 _d7858 |
||